Co to za raper? #1 - Statystyki

Ogólne statystyki
  • Ten quiz został rozwiązany 472 razy
  • Średni wynik to 4 z 10
Statystyki odpowiedzi
Hint Odpowiedź % Poprawnych
Raper z najmłodszego pokolenia. Pełna wersja jego debiutanckiego albumu trwa ponad godzinę, a sam krążek dzięki swojej świetnej sprzedaży otrzymał miano platynowego. W wielu piosenkach da się usłyszeć jego miłość do stolicy, choć sam raper urodził się poza jej granicami. Jego EPka pojawiła się na kanale HHNS LABEL, obecnie związany jest z SBM. Jego najbardziej znany utwór w momencie swojej premiery wywołał wokół siebie wiele szumu, głównie przez poruszaną w nim tematykę. // "Kurator angielski i gegra, kurator, dilerka dla sportu, nie po to, by przetrwać". Mata
81%
Swoje początki miał we freestyle'u. Jeden z jego albumów był najlepiej sprzedającym się w 2018 roku w Polsce (bez podziału na gatunki muzyczne) i uzyskał status diamentowej płyty. Entuzjasta m.in. podróży oraz sportu, zadeklarowany fan Arsenalu. W sporej większości znany z solowej twórczości, choć działanie w większej grupie na pewno nie jest mu obce. // "Wkładam zblazowany moje Hypervenom, obok sztuka jak z reklamy Kinder Bueno". Quebonafide
75%
Spora grupa słuchaczy o wiele lepiej wspomina twórczość z początków kariery tego rapera. W pewnym momencie jego stosunkowo krótkiej kariery mocno zmienił brzmienie. Wszystkie albumy studyjne powstały we współpracy z jednym labelem. Jego drugi pseudonim (nie podpisuje nim swoich utworów) nawiązuje do imienia jego dziadka. // "Kierunek Novotel, napisał do mnie tu Szopeen". Otsochodzi
62%
Choć najmłodszy nie jest, uznaje się, iż należy do tzw. "młodego pokolenia" w polskim rapie. Na początku kariery związany z wytwórnią Asfalt Records, ma swoje powiązania z BORCREW, lecz obecnie wydaje w swoim własnym labelu. Jego ostatnie albumy wydał z producentem o pseudonimie Gibbs. Nie ukrywa swojego zainteresowania boksem. // "Czuję ten cały żar, a w sobie noszę tylko tonę skutych lodem skał". Sarius
46%
Artysta aktywny od 1994 roku. W jego utworach często możemy usłyszeć nawiązania do lektur szkolnych. Pseudonim pewnego patostreamera jest w pewien sposób podobny do ksywki tego rapera. // "Chcę Ci dać co najlepszego mogę Ci dać". donGURALesko
44%
Duet, który tworzy dość unikalne brzmienie w skali kraju. Jeden z wydanych przez nich mixtape'ów ma w Polsce status kultowego. Panowie są rówieśnikami - obaj urodzili się w 1983 roku. // "Ty spacerem, a my na skwerek po Panamerę". PRO8L3M
39%
Twórca mocno doświadczony. Był członkiem dwóch znanych zespołów rapowych, obecnie wydaje solo. Urodził się w Krakowie, z którym mocno był związany. W 2019 roku wydał dwa albumy i jedną EPkę. W utworach nie ukrywał swojego uzależnienia od narkotyków. Kilka lat spędził w więzieniu. // "W pamięci ciągle mam dawnych ziomali, co przespali moment, za życia umarli". Kali
38%
Początkowo wydawał w wytwórni Step Records, obecnie posiada swój własny label. Pochodzi z Warszawy i to właśnie stolica często bywa podmiotem jego utworów - jednak najczęściej jest to jej "ciemniejsza" strona. Jego teksty często bywają mniej poważne. Z jednym z raperów, z którym kiedyś wydał mixtape, obecnie jest w nienajlepszych relacjach. Jego ikonicznym elementem garderoby jest czapka z daszkiem. Na teledyskach często pokazuje się w drogich ubraniach. // "Nie jestem młodym wilkiem, tylko królem stada". Kaz Bałagane
20%
Jeden z najbardziej "nieodżałowanych" polskich raperów. W jego dyskografii znajduje się tylko jedna EPka. Pojawił się na feacie w wydanym w 2020 roku albumie jednego z czołowych polskich raperów. Kilka dni po premierze wcześniej wspomnianego wydawnictwa, wyciekła do sieci cała piosenka tego rapera, co wywołało u jego fanów nadzieję na jego powrót. // "Chodziło się wtedy w Superstarach, a na tamte lato nagrywał Hotel Nirvana, Maanam". Smarki Smark
18%
Przez kilka lat związany z Alkopoligamią, w tym czasie osiągnął największy sukces. Wiele jego utworów powstało w stylu G-funkowym. Najpopularniejsza piosenka, w której udział miał ten wykonawca, jest na kanale SBM Label. Urodził się w Londynie. Twórca nie ukrywał swoich problemów z alkoholem, których jednak się już pozbył. // "Na fali, mówi mi Patrick Swayze, płynę, w Społem zostają martwi prezydenci". Kuba Knap
12%
Nie znaleziono quizów pasujących do podanych kryteriów
Rozkład punktacji
Procent ludzi z każdym wynikiem
Percentyl według liczby udzielonych odpowiedzi
Twoja historia wyników
Nie rozwiązałeś tego quizu